K otázkam konvergencie nových členských krajín Európskej únie

Salvato in:
Dettagli Bibliografici
Autore principale: Vincúr, Pavol
Natura: Capitolo di libro
Lingua:slovacco
Tags: Aggiungi Tag
Nessun Tag, puoi essere il primo ad aggiungerne!!

MARC

LEADER 00000naa$a2200000$$$4500
001 0061503
005 20240502071706.8
041 0 |a slo 
044 |a SK 
245 1 0 |a K otázkam konvergencie nových členských krajín Európskej únie  |c Pavol Vincúr 
100 1 |a Vincúr, Pavol